| 000 | 00675cam a2200229 4500 | ||
|---|---|---|---|
| 001 | 319253 | ||
| 003 | ARRUPE | ||
| 005 | 20140403140341.0 | ||
| 008 | 740219s1969 enka 000 0 eng | ||
| 010 | _a 74151258 | ||
| 040 |
_aDLC _cDLC _dDLC |
||
| 043 | _af-rh--- | ||
| 050 | 0 | 0 |
_aSPC DT962.2 _b.B47 |
| 082 | 0 | 0 | _a916.89/1/044 |
| 100 | 1 |
_aBerlyn, Phillippa. _99772 |
|
| 245 | 1 | 0 | _aThis is Rhodesia. |
| 260 |
_aSalisbury, _bDesigned and produced by The College Press _c[foreword 1969] |
||
| 300 |
_a1 v. (unpaged) _bcol. illus. _c14 x 19 cm. |
||
| 651 | 0 |
_aZimbabwe _xGuidebooks. _99773 |
|
| 906 |
_a7 _bcbc _corignew _d4 _encip _f19 _gy-gencatlg |
||
| 942 |
_2lcc _cMONOGRAPH |
||
| 999 |
_c120381 _d120381 |
||